[Event "CYCC U14"]
[Site "Calgary CAN"]
[Date "2023.07.19"]
[Round "2.68"]
[White "Aljo, Johan"]
[Black "Leung, Joseph"]
[Result "0-1"]
[WhiteElo "2124"]
[BlackElo "1624"]
[PlyCount "66"]
[EventDate "2023.07.19"]
[EventType "swiss"]
[EventRounds "7"]
[EventCountry "CAN"]

1. d4 d5 2. c4 c6 3. Nc3 dxc4 4. a4 Nf6 5. e3 Nd5 6. Bxc4 Nxc3 7. bxc3 e6 8.
Nf3 Be7 9. O-O O-O 10. Qc2 b6 11. Rd1 Ba6 12. Ba2 Qc7 13. Bb1 g6 14. h4 c5 15.
h5 Nd7 16. hxg6 hxg6 17. Ba3 e5 18. d5 Bd6 19. Ng5 Nf6 20. c4 Qe7 21. Bb2 Bc8
22. e4 Kg7 23. f4 Ng4 24. Qe2 Rh8 25. Nf3 f6 26. fxe5 Nxe5 27. Nxe5 fxe5 28.
Qf2 Bg4 29. Re1 Raf8 30. Qg3 Qg5 31. Rf1 Rh1+ 32. Kxh1 Rxf1+ 33. Kh2 Qh5+ 0-1

[Event "CYCC U14"]
[Site "Calgary CAN"]
[Date "2023.07.19"]
[Round "2.69"]
[White "Ossine, Nicholas"]
[Black "Wu, Jonathan"]
[Result "0-1"]
[WhiteElo "1593"]
[BlackElo "2075"]
[PlyCount "142"]
[EventDate "2023.07.19"]
[EventType "swiss"]
[EventRounds "7"]
[EventCountry "CAN"]

1. d4 Nf6 2. c4 g6 3. Nc3 Bg7 4. e4 d6 5. h3 O-O 6. Bg5 c5 7. d5 Nbd7 8. Nf3 b5
9. cxb5 a6 10. bxa6 Bxa6 11. Bxa6 Rxa6 12. O-O Qa8 13. Nd2 Rb8 14. Nc4 Nb6 15.
Nxb6 Raxb6 16. b3 h6 17. Be3 Ra6 18. Qc2 Rb4 19. Bd2 c4 20. bxc4 Rxc4 21. f3
Ra3 22. Qd3 Qc8 23. Rab1 Nd7 24. Rb3 Rxb3 25. axb3 Rd4 26. Qc2 Rxd2 27. Qxd2
Qxc3 28. Qxc3 Bxc3 29. Rc1 Bd4+ 30. Kf1 Bc5 31. Ke2 e6 32. dxe6 fxe6 33. Kd3
Kf7 34. Kc4 Ne5+ 35. Kb5 Kf6 36. b4 Bxb4 37. f4 Nd3 38. Rd1 Nxf4 39. Kxb4 Ke5
40. Kc3 Nxg2 41. Kd3 g5 42. Rg1 Nf4+ 43. Ke3 Nxh3 44. Rh1 g4 45. Rh2 h5 46. Rh1
d5 47. exd5 exd5 48. Rh2 h4 49. Kd3 Kf4 50. Kd4 Kg3 51. Ra2 Nf2 52. Kxd5 h3 53.
Ra3+ Kg2 54. Kc6 h2 55. Kb7 h1=Q 56. Ra7 Qh7+ 57. Kb8 Qxa7+ 58. Kxa7 g3 59. Kb7
Kf3 60. Kc6 g2 61. Kd6 g1=Q 62. Ke6 Ke4 63. Kd6 Qg5 64. Kc6 Qd5+ 65. Kc7 Qc4+
66. Kb7 Qc5 67. Kb8 Qc6 68. Ka7 Qb5 69. Ka8 Nd3 70. Ka7 Nc5 71. Ka8 Qb7# 0-1

[Event "CYCC U14"]
[Site "Calgary CAN"]
[Date "2023.07.19"]
[Round "2.70"]
[White "Joseph, Jonath"]
[Black "Murali, Dhruv"]
[Result "1-0"]
[WhiteElo "2057"]
[BlackElo "1560"]
[PlyCount "49"]
[EventDate "2023.07.19"]
[EventType "swiss"]
[EventRounds "7"]
[EventCountry "CAN"]

1. e4 g6 2. Nc3 Bg7 3. d4 d6 4. Nf3 a6 5. Be3 Nd7 6. a3 b5 7. Qd2 Bb7 8. h4 h6
9. Rd1 Ngf6 10. d5 c5 11. dxc6 Bxc6 12. Bd3 Qc7 13. O-O Qb7 14. Rfe1 Rc8 15.
Bf4 Ng4 16. Nd5 Nge5 17. Be2 Qa7 18. Nxe7 Nxf3+ 19. Bxf3 Kxe7 20. Qxd6+ Kd8 21.
e5 Bxf3 22. gxf3 Re8 23. e6 Re7 24. exd7 Rxd7 25. Qe7# 1-0

[Event "CYCC U14"]
[Site "Calgary CAN"]
[Date "2023.07.19"]
[Round "2.71"]
[White "Li, Anthony"]
[Black "Singh Dhaliwal, Jaipreet"]
[Result "0-1"]
[WhiteElo "1490"]
[BlackElo "2028"]
[PlyCount "124"]
[EventDate "2023.07.19"]
[EventType "swiss"]
[EventRounds "7"]
[EventCountry "CAN"]

1. e4 c5 2. Nf3 d6 3. Bb5+ Bd7 4. Bxd7+ Qxd7 5. O-O Nf6 6. Re1 Nc6 7. c3 e6 8.
d4 cxd4 9. cxd4 d5 10. e5 Ne4 11. Nc3 Nxc3 12. bxc3 Be7 13. Rb1 O-O 14. Bf4 Na5
15. Qd3 Rac8 16. Ng5 Bxg5 17. Bxg5 Nc4 18. h3 Kh8 19. Re2 a6 20. Qg3 b5 21. Rc1
a5 22. Qh4 Rc7 23. Rd1 Rg8 24. Rd3 Qe8 25. Rg3 Qf8 26. Bf6 Rd7 27. Bg5 b4 28.
cxb4 axb4 29. Re1 Ra7 30. Re2 h6 31. Bc1 Kh7 32. Rb3 Na5 33. Rg3 Nc4 34. Rb3
Na5 35. Rg3 Nc6 36. Rc2 Ne7 37. Rb3 Nf5 38. Qf4 Qe7 39. Bd2 Rb8 40. g4 g5 41.
Qf3 Nh4 42. Qd3+ Kg7 43. Rcb2 Ra4 44. f4 gxf4 45. Bxf4 Ng6 46. Bd2 Qh4 47. Qg3
Qxg3+ 48. Rxg3 Rba8 49. Bxb4 Rxa2 50. Rgb3 Nf4 51. Kh2 Nd3 52. Rxa2 Rxa2+ 53.
Kg3 Nc1 54. Rf3 Ne2+ 55. Kh4 Nxd4 56. Rd3 Nc6 57. Bd6 Re2 58. g5 hxg5+ 59. Kxg5
Nxe5 60. Rg3 Ng6 61. h4 Re4 62. h5 f6# 0-1

[Event "CYCC U14"]
[Site "Calgary CAN"]
[Date "2023.07.19"]
[Round "2.72"]
[White "Lu, Tony"]
[Black "Pollitt, Henry"]
[Result "1-0"]
[WhiteElo "2014"]
[BlackElo "1467"]
[PlyCount "65"]
[EventDate "2023.07.19"]
[EventType "swiss"]
[EventRounds "7"]
[EventCountry "CAN"]

1. e4 c6 2. Nc3 d5 3. d4 dxe4 4. Nxe4 Bf5 5. Ng3 Bg6 6. N1e2 e6 7. Nf4 Bd6 8.
Nxg6 hxg6 9. Ne4 Be7 10. Bf4 Nf6 11. Nxf6+ Bxf6 12. c3 Nd7 13. Qb3 Qb6 14.
O-O-O Qxb3 15. axb3 O-O-O 16. Kc2 e5 17. dxe5 Nxe5 18. Be2 Rhe8 19. Be3 Kb8 20.
Rhe1 Rxd1 21. Rxd1 Rd8 22. f4 Rxd1 23. Kxd1 Nd7 24. Bc4 Nb6 25. Bxf7 Nd5 26.
Bd2 Ne7 27. g4 Bh4 28. Ke2 g5 29. f5 Kc7 30. c4 Nc8 31. Bc3 Nd6 32. Bg6 Ne4 33.
Bxg7 1-0

[Event "CYCC U14"]
[Site "Calgary CAN"]
[Date "2023.07.19"]
[Round "2.73"]
[White "Huang, Winston"]
[Black "Qian, Eric"]
[Result "0-1"]
[WhiteElo "1460"]
[BlackElo "1986"]
[PlyCount "68"]
[EventDate "2023.07.19"]
[EventType "swiss"]
[EventRounds "7"]
[EventCountry "CAN"]

1. d4 d5 2. c4 e6 3. Nc3 Nf6 4. Nf3 Be7 5. e3 O-O 6. Bd3 b6 7. O-O Bb7 8. Re1
Nbd7 9. e4 dxe4 10. Nxe4 c5 11. dxc5 Nxc5 12. Nxc5 Bxc5 13. Bg5 h6 14. Bh4 Qe7
15. Ne5 Rfd8 16. Qc2 Rd4 17. Bxf6 Qxf6 18. Rad1 Rad8 19. h3 Qg5 20. g3 Kf8 21.
Kh2 Rh4 22. Bf1 Rxd1 23. Qxd1 Rd4 24. Qb3 Rd2 25. Re2 Rxe2 26. Nd7+ Ke7 27.
Bxe2 Kxd7 28. Qa4+ Kc7 29. Qe8 Qf6 30. f4 Bc6 31. Qg8 h5 32. a3 h4 33. b4 Bf2
34. b5 hxg3# 0-1

[Event "CYCC U14"]
[Site "Calgary CAN"]
[Date "2023.07.19"]
[Round "2.74"]
[White "Luan, Jacky"]
[Black "Jiang, Barron Jiyu"]
[Result "0-1"]
[WhiteElo "1447"]
[BlackElo "1978"]
[PlyCount "122"]
[EventDate "2023.07.19"]
[EventType "swiss"]
[EventRounds "7"]
[EventCountry "CAN"]

1. e4 c5 2. Nc3 d6 3. g3 g6 4. Bg2 Bg7 5. Nge2 Nc6 6. d3 e6 7. O-O Nge7 8. f4
O-O 9. Be3 Nd4 10. Qd2 Qc7 11. Kh1 f5 12. Rad1 Bd7 13. Bg1 Rac8 14. b3 b5 15.
Rc1 b4 16. Nd1 Nxe2 17. Qxe2 Nc6 18. e5 Nd4 19. Bxd4 cxd4 20. exd6 Qxd6 21. Nb2
Bc6 22. Nc4 Bxg2+ 23. Qxg2 Qd5 24. Rfe1 Rc6 25. Re2 Ra6 26. Ra1 Qxg2+ 27. Kxg2
Kf7 28. a4 bxa3 29. Rxa3 Rxa3 30. Nxa3 Ke7 31. Nc4 Rc8 32. Kf3 Rc6 33. g4 h6
34. gxf5 gxf5 35. Rg2 Kf7 36. h4 Ra6 37. h5 Ra1 38. Ne5+ Bxe5 39. fxe5 Rh1 40.
b4 Rh3+ 41. Ke2 Rxh5 42. Rf2 Rh3 43. Rf4 Re3+ 44. Kd2 Rxe5 45. Rxd4 Rd5 46. Rc4
Rd7 47. Ke3 Kf6 48. d4 h5 49. Kf4 h4 50. c3 Rh7 51. Rc6 h3 52. d5 h2 53. Rxe6+
Kf7 54. Re1 h1=Q 55. Rxh1 Rxh1 56. Kxf5 Rc1 57. Ke5 Rxc3 58. Kd6 a6 59. Kd7 Rc4
60. d6 Rxb4 61. Kd8 Rd4 0-1

[Event "CYCC U14"]
[Site "Calgary CAN"]
[Date "2023.07.19"]
[Round "2.75"]
[White "Wang, Andy"]
[Black "Tan, Shuwen"]
[Result "1/2-1/2"]
[WhiteElo "1960"]
[BlackElo "1415"]
[PlyCount "158"]
[EventDate "2023.07.19"]
[EventType "swiss"]
[EventRounds "7"]
[EventCountry "CAN"]

1. e4 e5 2. Nf3 Nc6 3. Bb5 a6 4. Ba4 Nf6 5. d3 b5 6. Bb3 Be7 7. c3 d5 8. Nbd2
O-O 9. O-O Re8 10. Re1 Bg4 11. h3 Bh5 12. exd5 Nxd5 13. g4 Bg6 14. Nxe5 Nxe5
15. Rxe5 Nf4 16. Qf3 Qxd3 17. Qxf4 Bd6 18. Qf3 Bxe5 19. Bxf7+ Kh8 20. Qxd3 Bxd3
21. Bxe8 Rxe8 22. Nf3 Bf6 23. Be3 b4 24. cxb4 Bxb2 25. Rd1 Bc4 26. Rd2 Bc1 27.
Rc2 Bxe3 28. Rxc4 Bb6 29. a4 Rf8 30. a5 Bxa5 31. bxa5 Rxf3 32. Rxc7 h6 33. Rc6
Rxh3 34. Rxa6 Ra3 35. Kg2 Kh7 36. f3 Kg8 37. Kg3 g5 38. Ra7 Kh8 39. Kf2 Kg8 40.
Ke2 Kf8 41. a6 Ke8 42. Ra8+ Kf7 43. Kd2 Kg7 44. a7 Kh7 45. Kc2 Kg7 46. Kb2 Ra6
47. Kb3 Ra5 48. Kb4 Ra6 49. Kb5 Ra1 50. Kb6 Rb1+ 51. Kc6 Ra1 52. Kd6 Ra6+ 53.
Kc7 Ra1 54. Kd6 Ra6+ 55. Ke5 Ra5+ 56. Ke6 Ra6+ 57. Ke7 Ra1 58. Kd6 Ra6+ 59. Kd5
Ra5+ 60. Ke4 Ra4+ 61. Ke3 Ra3+ 62. Kf2 Ra2+ 63. Ke1 Ra1+ 64. Kd2 Ra2+ 65. Kc1
Ra1+ 66. Kb2 Ra6 67. Kc3 Ra3+ 68. Kb4 Ra6 69. Kb5 Ra1 70. Kb6 Rb1+ 71. Kc6 Ra1
72. Rd8 Rxa7 73. Rd7+ Rxd7 74. Kxd7 Kg6 75. Ke6 h5 76. gxh5+ Kxh5 77. Kf5 Kh4
78. Kg6 g4 79. fxg4 Kxg4 1/2-1/2

[Event "CYCC U14"]
[Site "Calgary CAN"]
[Date "2023.07.19"]
[Round "2.76"]
[White "Bouchard, Nicholas"]
[Black "Zhang, Brian"]
[Result "0-1"]
[WhiteElo "1443"]
[BlackElo "1926"]
[PlyCount "64"]
[EventDate "2023.07.19"]
[EventType "swiss"]
[EventRounds "7"]
[EventCountry "CAN"]

1. e4 c5 2. b3 d6 3. Bb5+ Nc6 4. Bb2 e5 5. Ne2 Nge7 6. O-O g6 7. f4 Bg7 8. d3
O-O 9. Bxc6 Nxc6 10. Ng3 d5 11. exd5 Qxd5 12. f5 f6 13. Nc3 Qd7 14. fxg6 hxg6
15. Nce4 b6 16. Qf3 Bb7 17. Qe2 Rae8 18. Nf2 Nd4 19. Bxd4 exd4 20. Qd2 Qc6 21.
Nfe4 f5 22. Ng5 Bh6 23. h4 Re3 24. Qf2 Qd6 25. Ne2 Bxg5 26. hxg5 Qe7 27. Nf4
Qxg5 28. Rae1 Rfe8 29. Nh3 Qg4 30. Rxe3 dxe3 31. Qf3 Bxf3 32. Rxf3 e2 0-1

[Event "CYCC U14"]
[Site "Calgary CAN"]
[Date "2023.07.19"]
[Round "2.77"]
[White "Chen, Ricky"]
[Black "Yang, Larry"]
[Result "0-1"]
[WhiteElo "1370"]
[BlackElo "1899"]
[PlyCount "80"]
[EventDate "2023.07.19"]
[EventType "swiss"]
[EventRounds "7"]
[EventCountry "CAN"]

1. d4 Nf6 2. Bg5 g6 3. Bxf6 exf6 4. e4 Bg7 5. Bc4 O-O 6. Nc3 Re8 7. Nge2 d6 8.
Qd2 Be6 9. Bxe6 fxe6 10. h4 Nd7 11. h5 Nf8 12. d5 f5 13. hxg6 hxg6 14. dxe6
fxe4 15. Qd5 c6 16. e7+ cxd5 17. exd8=Q Raxd8 18. Nxd5 Ne6 19. Rh4 Ng5 20. Kd2
Re5 21. Nef4 e3+ 22. Nxe3 Ne4+ 23. Ke2 g5 24. Ng6 gxh4 25. Nxe5 Bxe5 26. Nc4
Kf7 27. Ke3 Nc5 28. Rd1 Ke6 29. f4 Bf6 30. b3 d5 31. Nd2 Rg8 32. Nf3 Rxg2 33.
f5+ Ke7 34. Rxd5 Nd7 35. Rd2 Rxd2 36. Kxd2 Ne5 37. Nh2 Bg5+ 38. Kc3 Bf4 39. Nf1
h3 40. Kb4 Nf3 0-1

[Event "CYCC U14"]
[Site "Calgary CAN"]
[Date "2023.07.19"]
[Round "2.78"]
[White "Darvekar, Yash"]
[Black "Huang, Eric"]
[Result "1-0"]
[WhiteElo "1886"]
[BlackElo "1366"]
[PlyCount "129"]
[EventDate "2023.07.19"]
[EventType "swiss"]
[EventRounds "7"]
[EventCountry "CAN"]

1. e4 e6 2. d4 d5 3. e5 c5 4. c3 Nc6 5. Nf3 Qb6 6. a3 c4 7. Nbd2 Bd7 8. b3 cxb3
9. Nxb3 Rc8 10. Bd2 Qc7 11. Bd3 f6 12. exf6 Nxf6 13. O-O Bd6 14. Re1 O-O 15.
Qc2 e5 16. dxe5 Nxe5 17. Nbd4 Nxd3 18. Qxd3 Ne4 19. Nb5 Bxb5 20. Qxd5+ Kh8 21.
Qxe4 Bc6 22. Qg4 Bxf3 23. gxf3 Bxh2+ 24. Kh1 Bd6 25. Re4 Rf6 26. Rae1 Rcf8 27.
Re8 Qf7 28. R8e6 Bxa3 29. Rxf6 Qxf6 30. Kg2 Qd6 31. Be3 Bc5 32. Bg5 Qg6 33. Be3
Qxg4+ 34. fxg4 Re8 35. Ra1 Bxe3 36. fxe3 a6 37. Rb1 Re7 38. Kf3 Kg8 39. Rb6 Kf7
40. Kf4 Rc7 41. e4 Ke7 42. Ke5 Kd7 43. c4 Kc8 44. Kd5 Rd7+ 45. Ke5 Kc7 46. c5
Rd3 47. Ke6 Rf3 48. e5 Rf4 49. Rd6 Rf3 50. Rd7+ Kc6 51. Rxg7 Kxc5 52. Rxb7 h6
53. Rh7 Rf4 54. Rxh6 Rxg4 55. Kf7 Re4 56. e6 Kd6 57. Rf6 a5 58. Rf3 a4 59. Rd3+
Kc7 60. e7 Rf4+ 61. Ke8 Rh4 62. Rc3+ Kd6 63. Kd8 Rh8+ 64. e8=Q Rxe8+ 65. Kxe8
1-0

[Event "CYCC U14"]
[Site "Calgary CAN"]
[Date "2023.07.19"]
[Round "2.79"]
[White "Spiian, Rostyslav"]
[Black "Sundara Rajan, Inbhavenkat"]
[Result "1-0"]
[WhiteElo "1282"]
[BlackElo "1758"]
[PlyCount "99"]
[EventDate "2023.07.19"]
[EventType "swiss"]
[EventRounds "7"]
[EventCountry "CAN"]

1. e4 e5 2. Nf3 Nc6 3. Bc4 Bc5 4. c3 Nf6 5. d3 h6 6. b4 Bd6 7. a4 a5 8. b5 Ne7
9. h3 Ng6 10. Be3 O-O 11. Nbd2 Qe7 12. Qb3 b6 13. Nf1 Nh5 14. g3 Bb7 15. Rg1
Kh8 16. N3d2 Rad8 17. f3 Bc5 18. d4 exd4 19. cxd4 Bb4 20. Kf2 Nf6 21. e5 Nh7
22. f4 f6 23. Qc2 f5 24. Bd3 Qe6 25. Qxc7 Bd5 26. Bc4 Ne7 27. Bxd5 Nxd5 28. Qc2
Rc8 29. Qd1 Rc7 30. Rc1 Nc3 31. Qe1 Qd5 32. Rg2 Rfc8 33. Ra1 Nf8 34. g4 fxg4
35. Rxg4 Ne4+ 36. Kg1 Bc3 37. Ra3 Nxd2 38. Bxd2 Qxd4+ 39. Qe3 Ne6 40. f5 Bxd2
41. Nxd2 Qxe3+ 42. Rxe3 Rc1+ 43. Kf2 Nc5 44. Rd4 Rc2 45. e6 Rd8 46. Kf3 Rc1 47.
Nc4 Rf1+ 48. Ke2 Rxf5 49. e7 Re8 50. Nd6 1-0

[Event "CYCC U14"]
[Site "Calgary CAN"]
[Date "2023.07.19"]
[Round "2.80"]
[White "Ming, Jerry"]
[Black "Makogon, Nikita"]
[Result "1-0"]
[WhiteElo "1756"]
[BlackElo "1340"]
[PlyCount "123"]
[EventDate "2023.07.19"]
[EventType "swiss"]
[EventRounds "7"]
[EventCountry "CAN"]

1. e4 e5 2. Nf3 Nc6 3. Bc4 Bc5 4. c3 Nf6 5. d3 h6 6. Nbd2 d6 7. O-O O-O 8. h3
a5 9. Re1 Re8 10. Nf1 Be6 11. Bb5 Bd7 12. Ba4 Bb6 13. Bc2 d5 14. exd5 Nxd5 15.
Ne3 Nxe3 16. Bxe3 Bxe3 17. Rxe3 Bf5 18. Qe2 Qd6 19. Re1 f6 20. d4 Bxc2 21. Qxc2
Re7 22. dxe5 fxe5 23. Nh4 Qf6 24. g3 Rae8 25. Kg2 Qe6 26. Qg6 Qxg6 27. Nxg6 Re6
28. Nf4 R6e7 29. Nd3 b6 30. g4 g5 31. Re4 Rd8 32. R1e3 Kg7 33. a3 Rde8 34. b4
axb4 35. axb4 Kf6 36. Rf3+ Kg6 37. Rf5 Rf7 38. Nxe5+ Nxe5 39. Rfxe5 Ref8 40.
Re6+ Rf6 41. Rxf6+ Rxf6 42. Rc4 Rf7 43. Rc6+ Kg7 44. c4 Kh7 45. b5 Kg7 46. Kg3
Rd7 47. f3 Rf7 48. h4 gxh4+ 49. Kxh4 Rxf3 50. Rxc7+ Kf8 51. Rc6 Kg7 52. Rxb6
Rf1 53. c5 Rh1+ 54. Kg3 Rg1+ 55. Kh3 Rc1 56. c6 Kf8 57. Rb7 Ke8 58. c7 Kd7 59.
b6 Rc3+ 60. Kh4 Rc6 61. Rb8 h5 62. Rd8+ 1-0

[Event "CYCC U14"]
[Site "Calgary CAN"]
[Date "2023.07.19"]
[Round "2.81"]
[White "Cimmeck, Jerry Cole"]
[Black "Zou, Alex"]
[Result "0-1"]
[WhiteElo "1279"]
[BlackElo "1742"]
[PlyCount "46"]
[EventDate "2023.07.19"]
[EventType "swiss"]
[EventRounds "7"]
[EventCountry "CAN"]

1. e4 c5 2. Nf3 d6 3. d4 cxd4 4. Nxd4 Nf6 5. Nc3 g6 6. Bg5 Bg7 7. Bxf6 Bxf6 8.
Bd3 Bd7 9. O-O Bxd4 10. Bb5 Bxc3 11. Bxd7+ Qxd7 12. bxc3 Nc6 13. Re1 h5 14. h4
Qe6 15. f4 Qf6 16. Qf3 Qxh4 17. f5 Ne5 18. Qe3 Ng4 19. Qf4 g5 20. Qf3 Qh2+ 21.
Kf1 Ne5 22. Qe3 h4 23. Qxg5 h3 0-1

[Event "CYCC U14"]
[Site "Calgary CAN"]
[Date "2023.07.19"]
[Round "2.82"]
[White "Tseng, Bradley"]
[Black "Tian, Justin"]
[Result "1-0"]
[WhiteElo "1734"]
[BlackElo "1132"]
[PlyCount "79"]
[EventDate "2023.07.19"]
[EventType "swiss"]
[EventRounds "7"]
[EventCountry "CAN"]

1. e4 e6 2. d4 d5 3. Nc3 c5 4. exd5 exd5 5. dxc5 Nf6 6. Bg5 Bxc5 7. Bxf6 Qxf6
8. Qe2+ Be6 9. Nxd5 Qxb2 10. Qb5+ Qxb5 11. Bxb5+ Kd8 12. Rd1 Nd7 13. Nf3 a6 14.
Bxd7 Bxd7 15. O-O Kc8 16. Ng5 f6 17. Ne4 Ba7 18. Nd6+ Kb8 19. Rb1 b5 20. c4 Bc5
21. cxb5 Bxd6 22. bxa6+ Ka7 23. Rb7+ Kxa6 24. Rxd7 Be5 25. f4 Bd4+ 26. Kh1 Rad8
27. Nc7+ Kb6 28. Rxg7 Rdg8 29. Rb1+ Kc6 30. Rc1+ Kb6 31. Nd5+ Ka5 32. Rgc7 Rd8
33. Ne7 Be3 34. Rb1 Rd2 35. Rc3 Ka4 36. Rxe3 Re8 37. Nd5 Rxe3 38. Nxe3 Rxa2 39.
Nd5 Rf2 40. Kg1 1-0

[Event "CYCC U14"]
[Site "Calgary CAN"]
[Date "2023.07.19"]
[Round "2.84"]
[White "Alpuri, Aaqil"]
[Black "Dupuis, Denis"]
[Result "1/2-1/2"]
[WhiteElo "1704"]
[BlackElo "1065"]
[PlyCount "145"]
[EventDate "2023.07.19"]
[EventType "swiss"]
[EventRounds "7"]
[EventCountry "CAN"]

1. d4 d5 2. c4 e6 3. Nf3 Nf6 4. g3 Be7 5. Bg2 O-O 6. O-O b6 7. Qc2 Bb7 8. Rd1
Nbd7 9. b3 Rc8 10. Bb2 c5 11. dxc5 bxc5 12. e3 Qc7 13. Nc3 a6 14. Rac1 Rfd8 15.
cxd5 exd5 16. Ne2 Ne4 17. Nd2 Nxd2 18. Rxd2 d4 19. Nxd4 Bxg2 20. Kxg2 Ne5 21.
Qe4 Qa5 22. Rdc2 Bf6 23. Nf5 Nd7 24. Bxf6 Nxf6 25. Qf4 Nd5 26. Qg5 g6 27. e4
Nb4 28. Ne7+ Kg7 29. Rxc5 Rxc5 30. Rxc5 Qb6 31. Rc4 Nd3 32. Nf5+ Kg8 33. Ne3
Ne1+ 34. Kh1 f6 35. Qc5 Qxc5 36. Rxc5 Rd2 37. Kg1 Rxa2 38. Rc6 Nf3+ 39. Kg2 Nd2
40. Nd5 Nxe4 41. Nxf6+ Nxf6 42. Rxf6 Ra3 43. h4 Rxb3 44. Rxa6 Rb7 45. g4 Kg7
46. Kg3 Rc7 47. f3 Rb7 48. Rd6 Ra7 49. Kf4 Rf7+ 50. Kg3 Ra7 51. g5 Rb7 52. Kg4
Ra7 53. Rf6 Ra4+ 54. Rf4 Ra1 55. Rd4 Ra7 56. h5 h6 57. gxh6+ Kxh6 58. Rd6 Rg7
59. f4 Kh7 60. Kg5 gxh5+ 61. Kxh5 Rg1 62. f5 Kg7 63. Re6 Rg2 64. Ra6 Rg1 65.
Kh4 Rg2 66. Kh5 Rg1 67. Rg6+ Rxg6 68. fxg6 Kg8 69. Kg5 Kg7 70. Kf5 Kg8 71. Kf6
Kf8 72. g7+ Kg8 73. Kg6 1/2-1/2

[Event "CYCC U14"]
[Site "Calgary CAN"]
[Date "2023.07.19"]
[Round "2.88"]
[White "Wang, Dennis"]
[Black "Arora, Ishaan"]
[Result "1-0"]
[WhiteElo "1358"]
[BlackElo "1283"]
[PlyCount "105"]
[EventDate "2023.07.19"]
[EventType "swiss"]
[EventRounds "7"]
[EventCountry "CAN"]

1. d4 Nf6 2. Nf3 d5 3. Bf4 e6 4. e3 c5 5. c3 Nc6 6. h3 cxd4 7. cxd4 Bd6 8. Bxd6
Qxd6 9. Bd3 e5 10. dxe5 Nxe5 11. Nxe5 Qxe5 12. Bb5+ Bd7 13. Bxd7+ Nxd7 14. Nc3
Nb6 15. O-O O-O 16. Rc1 Rfd8 17. Qf3 Rac8 18. Rfd1 g6 19. Rc2 Na4 20. Rd4 Nxc3
21. Rxc3 Rxc3 22. bxc3 Rd6 23. Qd1 Rc6 24. Qb3 Rb6 25. Rb4 Rxb4 26. Qxb4 b6 27.
a4 Qe4 28. Qxe4 dxe4 29. Kh2 Kg7 30. Kg3 g5 31. f3 f5 32. f4 h6 33. fxg5 hxg5
34. Kf2 Kf6 35. g3 Kg6 36. Kg2 Kh5 37. Kh2 a6 38. c4 a5 39. Kg2 Kg6 40. Kf2 Kh5
41. Ke2 Kg6 42. Kd2 Kf6 43. Kc3 f4 44. gxf4 gxf4 45. exf4 Kf5 46. Kd2 Kxf4 47.
Ke2 Kg3 48. Ke3 Kxh3 49. Kxe4 Kg3 50. Kd5 Kf4 51. Kc6 Ke5 52. Kxb6 Kd4 53. c5
1-0

[Event "CYCC U14"]
[Site "Calgary CAN"]
[Date "2023.07.19"]
[Round "2.90"]
[White "Wu, Nolan"]
[Black "Wang, Enzo"]
[Result "1-0"]
[WhiteElo "1983"]
[BlackElo "998"]
[PlyCount "75"]
[EventDate "2023.07.19"]
[EventType "swiss"]
[EventRounds "7"]
[EventCountry "CAN"]

1. e4 e5 2. Nf3 Nc6 3. Bc4 Bc5 4. c3 Nf6 5. d4 exd4 6. e5 d5 7. Bb5 Ne4 8. cxd4
Bb4+ 9. Bd2 Nxd2 10. Nbxd2 Bd7 11. O-O O-O 12. Bd3 Bg4 13. Qc2 g6 14. Bb5 Bd7
15. Bxc6 Bxc6 16. Rfd1 Bd7 17. Nf1 Bg4 18. Qb3 a5 19. h3 Be6 20. Ne3 b6 21. Qd3
Qc8 22. Nh4 Qa6 23. Qc2 Rac8 24. Qb3 f5 25. f4 c5 26. Nf3 c4 27. Qc2 Rfd8 28.
g4 fxg4 29. hxg4 c3 30. b3 Qb7 31. f5 Qf7 32. Ng5 Qe7 33. Nxe6 Re8 34. Nxd5 Qh4
35. Nf6+ Kf7 36. Kg2 Rxe6 37. fxe6+ Kxe6 38. Qe4 1-0

[Event "CYCC U14"]
[Site "Calgary CAN"]
[Date "2023.07.19"]
[Round "2.91"]
[White "Jackson, Mateo"]
[Black "Liu, Junxi"]
[Result "0-1"]
[WhiteElo "1914"]
[BlackElo "970"]
[PlyCount "38"]
[EventDate "2023.07.19"]
[EventType "swiss"]
[EventRounds "7"]
[EventCountry "CAN"]

1. e4 g6 2. d4 Bg7 3. Nf3 d6 4. Nc3 Nf6 5. Bc4 O-O 6. O-O Nxe4 7. Nxe4 d5 8.
Bd3 dxe4 9. Bxe4 Nd7 10. c3 e5 11. Qb3 Rb8 12. dxe5 Nxe5 13. Nxe5 Bxe5 14. Bh6
Qh4 15. f4 Qxh6 16. fxe5 Qe3+ 17. Kh1 Qxe4 18. Rxf7 Rxf7 19. Rf1 Bf5 0-1

[Event "CYCC U14"]
[Site "Calgary CAN"]
[Date "2023.07.19"]
[Round "2.92"]
[White "Suo, Luke"]
[Black "Hong, Zihan"]
[Result "0-1"]
[WhiteElo "933"]
[BlackElo "1438"]
[PlyCount "80"]
[EventDate "2023.07.19"]
[EventType "swiss"]
[EventRounds "7"]
[EventCountry "CAN"]

1. d4 d5 2. Bg5 Bf5 3. c4 Nf6 4. Bxf6 exf6 5. a3 Nc6 6. Nc3 dxc4 7. e4 Bg6 8.
Nf3 Bd6 9. Bxc4 O-O 10. O-O Bh5 11. d5 Ne5 12. Be2 Nxf3+ 13. Bxf3 Bg6 14. Bh5
f5 15. Bxg6 fxg6 16. f3 Qh4 17. h3 fxe4 18. fxe4 Rxf1+ 19. Qxf1 Rf8 20. Qe1 Qf4
21. g3 Bc5+ 22. Kh2 Qe5 23. Kg2 Rf2+ 24. Qxf2 Bxf2 25. Kxf2 Qd4+ 26. Ke2 Qb6
27. Rb1 Qd6 28. Kf3 Qf6+ 29. Ke3 Qg5+ 30. Kf3 Qd2 31. g4 b5 32. Kg3 a5 33. Rd1
Qxb2 34. Rd3 Qxa3 35. Rf3 Qd6+ 36. Kg2 b4 37. Nb5 Qb6 38. e5 Qxb5 39. e6 Qe2+
40. Kg3 Qxf3+ 0-1

[Event "CYCC U14"]
[Site "Calgary CAN"]
[Date "2023.07.19"]
[Round "2.93"]
[White "Shen, Caden"]
[Black "Yan, Henry"]
[Result "1-0"]
[WhiteElo "1338"]
[BlackElo "970"]
[PlyCount "65"]
[EventDate "2023.07.19"]
[EventType "swiss"]
[EventRounds "7"]
[EventCountry "CAN"]

1. d4 d5 2. c4 e6 3. Nf3 Nf6 4. Nc3 Nc6 5. Bf4 Be7 6. e3 h6 7. Bd3 O-O 8. O-O
Re8 9. Re1 Bb4 10. Qc2 Ba5 11. a3 a6 12. c5 Bxc3 13. Qxc3 Qd7 14. h3 b5 15. b4
Bb7 16. Rad1 Rad8 17. Qc2 Ne7 18. Nd2 Ng6 19. Bxg6 fxg6 20. Qxg6 Qf7 21. Qxf7+
Kxf7 22. Bxc7 Rc8 23. Bd6 Nd7 24. e4 e5 25. dxe5 dxe4 26. Nxe4 Nxe5 27. Bxe5
Bxe4 28. Rxe4 Rcd8 29. Rde1 Rc8 30. Bd6 Rxe4 31. Rxe4 Kf6 32. f3 Rc6 33. Kf2
1-0

[Event "CYCC U14"]
[Site "Calgary CAN"]
[Date "2023.07.19"]
[Round "2.94"]
[White "Martin, Dominic"]
[Black "Li, Lucas"]
[Result "0-1"]
[WhiteElo "893"]
[BlackElo "1248"]
[PlyCount "64"]
[EventDate "2023.07.19"]
[EventType "swiss"]
[EventRounds "7"]
[EventCountry "CAN"]

1. e4 c6 2. d4 d5 3. exd5 cxd5 4. Nf3 Bg4 5. Be2 e6 6. Ne5 Bxe2 7. Qxe2 a6 8.
Bf4 Nc6 9. Nxc6 bxc6 10. Nc3 Qb6 11. b3 Qxd4 12. Bd2 Bb4 13. Qd3 Qe5+ 14. Qe3
Qxe3+ 15. fxe3 Nf6 16. O-O O-O 17. Nb1 Bc5 18. Kh1 Ng4 19. Rf3 f5 20. Nc3 f4
21. exf4 Nf2+ 22. Kg1 Ne4+ 23. Kh1 Nxd2 24. Rd3 Bb4 25. a3 Bxc3 26. Rxc3 Rxf4
27. Rxc6 Raf8 28. g3 Re4 29. Rd1 Re2 30. Rxa6 Nf3 31. Rd2 Rxd2 32. Rxe6 Rxh2#
0-1

[Event "CYCC U14"]
[Site "Calgary CAN"]
[Date "2023.07.19"]
[Round "2.95"]
[White "Aithal, Arya"]
[Black "Fang, Pengsen"]
[Result "1/2-1/2"]
[WhiteElo "1242"]
[BlackElo "930"]
[PlyCount "34"]
[EventDate "2023.07.19"]
[EventType "swiss"]
[EventRounds "7"]
[EventCountry "CAN"]

1. e4 c5 2. Nc3 Nc6 3. g3 g6 4. Bg2 Bg7 5. f4 e6 6. d3 d6 7. Nf3 Nge7 8. Bd2
O-O 9. g4 a6 10. a4 f5 11. exf5 exf5 12. g5 d5 13. O-O d4 14. Ne2 Re8 15. Re1
Be6 16. Ng3 Bf7 17. Ne5 Nxe5 1/2-1/2

[Event "CYCC U14"]
[Site "Calgary CAN"]
[Date "2023.07.19"]
[Round "2.96"]
[White "Wangluo, May"]
[Black "Saini, Eshan"]
[Result "1/2-1/2"]
[WhiteElo "799"]
[BlackElo "1242"]
[PlyCount "116"]
[EventDate "2023.07.19"]
[EventType "swiss"]
[EventRounds "7"]
[EventCountry "CAN"]

1. d4 d5 2. c4 e6 3. Nc3 Nf6 4. Nf3 Nc6 5. Bf4 a6 6. e3 Be7 7. Be2 O-O 8. O-O
Nh5 9. Be5 Nxe5 10. Nxe5 Nf6 11. a3 c6 12. b4 Nd7 13. Nxd7 Bxd7 14. Rc1 b5 15.
cxd5 cxd5 16. f4 a5 17. Nxb5 Bxb5 18. Bxb5 axb4 19. axb4 Rb8 20. Be2 Rxb4 21.
Rb1 Qd6 22. Rf3 Rfb8 23. Rc1 Rb2 24. Rh3 Qa3 25. Qd3 Qxd3 26. Bxd3 g6 27. Rf3
R8b3 28. Rc2 Rb1+ 29. Rf1 Rxf1+ 30. Bxf1 Rxe3 31. Kf2 Re4 32. g3 Rxd4 33. Ke3
Re4+ 34. Kd3 Bf6 35. Bg2 Rd4+ 36. Ke3 Rc4 37. Ra2 Rc3+ 38. Kf2 Rc8 39. g4 Rd8
40. g5 Bg7 41. h4 d4 42. Bf3 d3 43. Ke1 Bc3+ 44. Kd1 d2 45. Ra3 Bd4 46. Rd3 Bb6
47. Rxd8+ Bxd8 48. Kxd2 Bc7 49. Ke3 e5 50. fxe5 Bxe5 51. Ke4 Bg3 52. h5 Kg7 53.
hxg6 fxg6 54. Bg2 Be1 55. Kf4 Bd2+ 56. Kg4 h5+ 57. gxh6+ Kxh6 58. Be4 g5
1/2-1/2